| 000 | 00781nam a2200217Ii 4500 | ||
|---|---|---|---|
| 003 | JO-AjNU | ||
| 008 | 230605s9999||||xx |||||||||||||| ||und|| | ||
| 017 | _a2008/11/3953 | ||
| 040 |
_aJO-AjNU _bara _erda _cJO-AjNU |
||
| 041 | _aara | ||
| 050 | 1 | 4 | _aPJ7577.K52 2009 |
| 100 | 3 |
_aالخطيب،أحمد موسى, _eauthor _911732 |
|
| 245 | 0 | 0 | _aالحساسية الجديدة: قراءات في القصة القصيرة |
| 250 | _aط1 | ||
| 264 | 3 | 1 | _aعمان:دار مكتبة الرائد العلمية،2008 |
| 300 | _a225ص | ||
| 336 |
_atext _btxt _2rdacontent |
||
| 337 |
_aunmediated _bn _2rdamedia |
||
| 338 |
_avolume _bnc _2rdacarrier |
||
| 650 | 4 |
_a القصة العربية القصيرة - تاريخ ونقد - القرن الواحد والعشرين _911733 |
|
| 999 |
_aA2476 _c6044 _d6044 |
||